Nekonvenčné spôsoby zváranie : Návody na cvičenia /

Na minha lista:
Detalhes bibliográficos
Autor principal: Turňa, Milan (xxx)
Formato: Livro
Idioma:eslovaco
Publicado em: Bratislava : SVŠT v Bratislave, 1981
Edição:2.vyd.
Assuntos:
Tags: Adicionar Tag
Sem tags, seja o primeiro a adicionar uma tag!

MARC

LEADER 00000nam a22000003a 4500
001 stu39745
005 20150617225726.2
008 930226s1981----cs------------------slo-d
040 |a STU  |b slo 
041 0 |a slo 
044 |a cs 
080 |a 621.791(075.8)  |7 A000001790 
100 1 |a Turňa, Milan  |4 xxx  |u M3000  |U MTF Materiálovotechnologická fakulta  |T MTF Ústav výrobných technológií  |U M3000  |Y 83 
245 1 |a Nekonvenčné spôsoby zváranie :  |b Návody na cvičenia /  |c Milan Turňa a kol 
250 |a 2.vyd. 
260 |a Bratislava :  |b SVŠT v Bratislave,  |c 1981 
300 |a 200 s 
650 7 |a zváranie  |2 stusub 
650 7 |a spôsoby nekonvenčné  |2 stusub 
996 |b 284M016651  |c M*S-334-2  |l MMKN  |s A  |a 24  |w stu39745_0001 
996 |b 284M016671  |c M*S-334-1  |l MMKN  |s A  |a 24  |w stu39745_0002